000 00215nam a22000857a 4500
008 160804b xxu||||| |||| 00| 0 eng d
100 _922
_aChaturvedi B.K
245 _aSports & Games
260 _aNew Delhi
_bGWH Publication
999 _c2672
_d2672